000 00989nmm a2200337 a 4500
003 AR-BaBNM
005 20251128205120.0
008 256019s1994 ||||||||||||||000 | spa||
020 _a987-99757
040 _cAR-BaBNM
245 1 0 _aNarcocriminalidad
250 _a1ª ed.
260 _aBuenos Aires
_bParlamento Latinoamericano
_c1994
300 0 _a191 p.
500 0 _aContiene palabras del Sr. Presidente de la Nación Don Carlos Saúl Menem y del Sr. Presidente de la Cámara de Diputados Don. Alberto Pierri
650 4 _aPROBLEMAS SOCIALES
650 4 _aDROGAS
650 4 _aPOLITICA INTERNACIONAL
650 4 _aPREVENCION DE LA DELINCUENCIA
650 4 _aDROGAS
653 0 _aNARCOTRAFICO
700 1 _aVarela Cid, Eduardo
700 1 _aFerraro, Liliana
700 1 _aCroce, Luigi
700 1 _aZin, Claudio
700 1 _aPeláez Gutiérrez, Humberto
700 1 _aBonino, Emma
700 1 _aZaragosa Aguado, Javier
942 _cBK
998 _cCarmen
999 _c10049
_d10049